000 004320000a22001690004500
003 MACL
005 20151227154607.0
008 151227b xxu||||| |||| 00| 0 eng d
040 _aMACL
_cmacl
041 _aEnglish
082 _a026.34/BLU
100 _aBlunt, Adrian
_923468
245 _aLaw Librarianship
260 _bClive Bingley London
_c1980
_aLondon
650 _aLibrary & information
_923469
942 _cBK
_k026/Blu
_2ddc
999 _c34258
_d34258